Bestselling Swiss watch brands - Extreme - Statistics

General Stats
  • This quiz has been taken 811 times
  • The average score is 16 of 50
Answer Stats
# % Correct
Rolex
98%
Swatch
83%
Omega
74%
Patek Philippe
69%
TAG Heuer
59%
Tissot
57%
Audemars Piguet
56%
Breitling
56%
Cartier
56%
IWC
49%
Longines
49%
Tudor
48%
Hublot
46%
Vacheron Constantin
45%
Richard Mille
44%
Jaeger-LeCoultre
41%
Breguet
36%
Blancpain
35%
Hamilton
32%
Rado
32%
Panerai
31%
Zenith
28%
Bulgari
27%
Piaget
27%
Gucci
25%
Montblanc
24%
A. Lange & Sohne
23%
Frederique Constant
23%
Chopard
21%
Oris
21%
Ulysse Nardin
21%
Mido
20%
Glashutte Original
19%
Hermes
19%
Certina
17%
Chanel
15%
Dior
15%
F.P. Journe
15%
Van Cleef & Arpels
15%
Maurice Lacroix
14%
Baume & Mercier
13%
Franck Muller
13%
Victorinox
13%
Roger Dubuis
12%
Bell & Ross
11%
Harry Winston
11%
C.F. Bucherer
9%
Mondaine
9%
CK Watch
6%
Titoni
5%
No matching quizzes found
Score Distribution
Percent of People with Each Score
Percentile by Number Answered
Your Score History
You have not taken this quiz